| 000 | 00471nam a2200145Ia 4500 | ||
|---|---|---|---|
| 008 | 180523s9999 xx 000 0 und d | ||
| 020 | _a9786218029125 | ||
| 100 | _aMillan, Zeus Vernon B. | ||
| 245 |
_cZeus Vernon B. Millan. _aAccounting for special transactions : _badvanced accounting 1 / |
||
| 250 | _a2018 ed | ||
| 260 |
_aBaguio City : _bBandolin Enterprise _c2018 |
||
| 300 | _axii, 764 pages | ||
| 650 | _aAccounting-- Advance accounting. | ||
| 650 | _aAccounting. | ||
| 999 |
_c357905 _d357905 |
||